| 000 | 00625nam a2200217Ia 4500 | ||
|---|---|---|---|
| 008 | 160319s9999 xx 000 0 und d | ||
| 245 | _aHermie a common caterpillar / | ||
| 245 | _cMax Lucado; Tim Conway; Don Knotts; Tommy Nelson (Firm). | ||
| 260 | _bEpiphany Video. | ||
| 260 | _c2005 | ||
| 300 | _a1 videodisc (ca. 40 min.) : | ||
| 300 | _bsound., color ; | ||
| 300 | _c4 3/4 in. | ||
| 440 | _aMax Lucado's Hermie & friends. | ||
| 650 | _aCaterpillars -- | ||
| 650 | _aChristian life -- | ||
| 650 | _aWorms -- | ||
| 650 | _xJuvenile drama. | ||
| 650 | _xJuvenile drama. | ||
| 650 | _xJuvenile drama. | ||
| 999 |
_c292556 _d292556 |
||